Antitriboniano, o discurso sobre el estudio de las leyes.

Uloženo v:
Podrobná bibliografie
Hlavní autor: Hotman, François (autor)
Další autoři: Martínez Neira, Manuel (estudio preliminar), Mora Cañada, Adela (traducción)
Médium: Kniha
Jazyk:angličtina
Vydáno: Madrid, España: Universidad Carlos III de Madrid, 2013.
Edice:Historia del Derecho,
Témata:
Tagy: Přidat tag
Žádné tagy, Buďte první, kdo vytvoří štítek k tomuto záznamu!

MARC

LEADER 00000nam a22000007a 4500
003 CL-VaPUC
005 20220822114648.0
008 220719t2013 ||||| |||| 00| 0 eng d
999 |c 437254  |d 437252 
020 |a 978-84-9031-664-1 
040 |c Pontificia Universidad Católica de Valparaíso 
082 |2 22  |a 340.54 HOT 2013 
100 |9 873350  |a Hotman, François  |e autor 
245 |a Antitriboniano, o discurso sobre el estudio de las leyes. 
260 |a Madrid, España:   |b Universidad Carlos III de Madrid,   |c 2013. 
490 |a Historia del Derecho,   |n  22.  
500 |a c.1 Donación Familia Prof. Alejandro Guzmán Brito. 
546 |a Edición bilingüe. 
583 |c 20220719  |k Yessy Sthefany Diaz Vidal 
650 0 |9 255930  |a Derecho romano  |x Historia  
650 0 |9 255982  |a Teoría del derecho 
700 |9 873351  |a Martínez Neira, Manuel   |e estudio preliminar  
700 |9 873352  |a Mora Cañada, Adela   |e traducción  
942 |2 ddc  |c BK  |n 0 
952 |0 0  |1 0  |2 ddc  |4 0  |6 340_540000000000000_HOT_2013  |7 1  |8 C_AGB  |9 585012  |a BIBDER  |b BIBDER  |d 2022-07-19  |e Donación   |i 5652880  |o 340.54 HOT 2013  |p 5652880  |r 2023-01-25  |t 1  |w 2022-07-19  |y BK_US  |k AGB